Boletin. Seccion geologica.

Bibliographic Details
Previous Title:Sociedad Espanola de Historia Natural, Madrid. Boletin
Corporate Authors: Sociedad Espanola de Historia Natural, Madrid, Consejo Superior de Investigaciones Científicas (Spain)
Format: Journal
Language:Spanish
Published: Madrid. [publisher not identified] ;
Subjects:

MARC

Tag First Indicator Second Indicator Subfields
LEADER 00000cas a2200000 4500
001 in00000097454
005 20150925114930.0
008 791123c19509999sp x p 0uuub0spa d
035 |a (OCoLC)05724632 
035 |9 AAL2914AM 
040 |a AGL  |c AGL  |d YUS  |d TXA  |d UtOrBLW 
049 |a TXAE 
070 |a 403 So1 
090 |a QE13.S6  |b S63 
110 2 |a Sociedad Espanola de Historia Natural, Madrid. 
245 1 0 |a Boletin.  |p Seccion geologica. 
264 1 |a Madrid.  |b [publisher not identified] ; 
300 |a  volumes :  |b illustrations ;  |c 25 cm.  |a irreg. 
336 |a text  |b txt  |2 rdacontent 
337 |a unmediated  |b n  |2 rdamedia 
338 |a volume  |b nc  |2 rdacarrier 
362 0 |a t. 48- 1950- 
500 |a At head of title: Consejo Superior de Investigaciones Cientificas. 
650 0 |a Geology  |z Spain  |x Societies, etc. 
710 2 |a Consejo Superior de Investigaciones Científicas (Spain) 
780 0 1 |a Sociedad Espanola de Historia Natural, Madrid.  |t Boletin 
999 |a MARS 
999 f f |s 97dde469-a2ad-3764-a224-291988a1a337  |i 8e222e20-d518-3007-92d7-42c376438ac8  |t 0 
952 f f |a Texas A&M University  |b Rellis Campus  |c Joint Library Facility  |d Remote Storage  |e QE13.S6 S63  |h Library of Congress classification  |i unmediated -- volume  |k t.50-51  |l 1952-1953  |m A14841427674  |p ric  |s JLF  |t 0 
952 f f |a Texas A&M University  |b Rellis Campus  |c Joint Library Facility  |d Remote Storage  |e QE13.S6 S63  |h Library of Congress classification  |i unmediated -- volume  |k t.52-54  |l 1954-1956  |m A14841427682  |p ric  |s JLF  |t 0 
952 f f |a Texas A&M University  |b Rellis Campus  |c Joint Library Facility  |d Remote Storage  |e QE13.S6 S63  |h Library of Congress classification  |i unmediated -- volume  |k t.48-49  |l 1950-1951  |m A14841427666  |p ric  |s JLF  |t 0 
952 f f |a Texas A&M University  |b Rellis Campus  |c Joint Library Facility  |d Remote Storage  |e QE13.S6 S63  |h Library of Congress classification  |i unmediated -- volume  |k t.77:no.1-2  |l 1979  |m A14841427739  |p ric  |s JLF  |t 0 
998 f f |a QE13.S6 S63  |s t.77:no.1-2 (1979)  |t 0  |l Remote Storage